Häufigste Nachnamen USA - Statistiken

Allgemein
  • Dieses Quiz wurde 609 mal gespielt
  • Das Durchschnittsergebnis liegt bei 65 aus 500
Antwortstatistiken
Antwort % Korrekt
Smith
87%
Miller
67%
Johnson
60%
Jackson
59%
Black
56%
White
55%
Le
54%
Brown
53%
Li
53%
James
47%
May
46%
Lin
45%
Mueller
44%
Green
43%
Lee
43%
Jones
41%
Washington
41%
Williams
41%
Bush
39%
Harris
39%
Taylor
39%
Meyer
38%
King
37%
Martin
36%
Wilson
36%
Kennedy
35%
Peters
35%
Stone
35%
Fischer
34%
Gray
34%
Carter
33%
Park
32%
Schmidt
32%
Anderson
31%
Fisher
31%
Thomas
31%
Cooper
30%
Harrison
30%
Hill
30%
Wood
30%
Beck
29%
Ford
29%
Paul
29%
Richards
29%
Rodriguez
29%
Baker
28%
Chen
28%
Clark
28%
Frank
28%
Lewis
28%
Parker
28%
Roberts
28%
Simpson
28%
Walker
28%
Watts
28%
George
27%
McDonald
27%
Scott
27%
Thompson
27%
Moore
26%
Watson
26%
Hernandez
25%
Hunt
25%
Jordan
25%
Wright
25%
Chan
24%
Davis
24%
Garcia
24%
Long
24%
Lopez
24%
Potter
24%
Sanchez
24%
Young
24%
Fernandez
23%
Hart
23%
Kim
23%
Ray
23%
Allen
22%
Dean
22%
Kelly
22%
Phillips
22%
Rose
22%
Turner
22%
West
22%
Andrews
21%
Bell
21%
Daniel
21%
Franklin
21%
Grant
21%
Hamilton
21%
Hunter
21%
Martinez
21%
Morris
21%
Stevens
21%
Cole
20%
Cook
20%
Fox
20%
Schneider
20%
Stewart
20%
Tyler
20%
Collins
19%
Diaz
19%
Neal
19%
Newman
19%
Robbins
19%
Shaw
19%
Becker
18%
Daniels
18%
Edwards
18%
Evans
18%
Harper
18%
Henderson
18%
Henry
18%
Marsh
18%
Morgan
18%
Peterson
18%
Richardson
18%
Ross
18%
Weber
18%
Alexander
17%
Armstrong
17%
Davidson
17%
Murphy
17%
Nelson
17%
Nguyen
17%
Perez
17%
Perry
17%
Porter
17%
Price
17%
Robinson
17%
Rodgers
17%
Ryan
17%
Williamson
17%
Wolf
17%
Austin
16%
Bauer
16%
Carlson
16%
Freeman
16%
Hall
16%
Hoffman
16%
Mitchell
16%
Morrison
16%
Reed
16%
Simon
16%
Wagner
16%
Wang
16%
Woods
16%
Brooks
15%
Chang
15%
Erickson
15%
Farmer
15%
Foster
15%
Gordon
15%
Keller
15%
Mann
15%
Marshall
15%
Matthews
15%
Oliver
15%
Robertson
15%
Rogers
15%
Sanders
15%
Walters
15%
Willis
15%
Berry
14%
Burns
14%
Gonzalez
14%
Holmes
14%
Howard
14%
Lang
14%
Lawrence
14%
Mack
14%
Nichols
14%
Owen
14%
Silva
14%
Webb
14%
Carr
13%
Coleman
13%
Cox
13%
Cruz
13%
Griffin
13%
Hudson
13%
Klein
13%
Mason
13%
Norris
13%
Ramirez
13%
Reynolds
13%
Russell
13%
Stevenson
13%
Torres
13%
Wu
13%
Zimmerman
13%
Arnold
12%
Ball
12%
Benson
12%
Bradley
12%
Brady
12%
Campbell
12%
Carpenter
12%
Craig
12%
Gibbs
12%
Gomes
12%
Knight
12%
Lucas
12%
Ramos
12%
Rice
12%
Simmons
12%
Spencer
12%
Stephens
12%
Sullivan
12%
Terry
12%
Ward
12%
Alvarez
11%
Banks
11%
Bennett
11%
Bryant
11%
Burton
11%
Clarke
11%
Cross
11%
Curtis
11%
Dawson
11%
Fletcher
11%
Graham
11%
Harvey
11%
Hawkins
11%
Jacobs
11%
Little
11%
Lloyd
11%
Powell
11%
Reid
11%
Santos
11%
Tucker
11%
Wade
11%
Yang
11%
Barnes
10%
Blake
10%
Castro
10%
Day
10%
Elliott
10%
Fields
10%
Gibson
10%
Holland
10%
Logan
10%
Love
10%
Miles
10%
Newton
10%
Palmer
10%
Pierce
10%
Ruiz
10%
Singh
10%
Warren
10%
Waters
10%
Wells
10%
Wong
10%
Conner
9%
Douglas
9%
Gallagher
9%
Gilbert
9%
Gregory
9%
Hughes
9%
Jenkins
9%
Joseph
9%
Mendez
9%
Murray
9%
Myers
9%
Obrien
9%
Olsen
9%
Parks
9%
Schultz
9%
Stanley
9%
Walsh
9%
Walton
9%
Baily
8%
Baldwin
8%
Barker
8%
Boyd
8%
Butler
8%
Cortez
8%
Dominguez
8%
Ferguson
8%
Francis
8%
Gardner
8%
Garner
8%
Gonzales
8%
Greene
8%
Gutierrez
8%
Hanson
8%
Hartman
8%
Hopkins
8%
Jensen
8%
Jimenez
8%
Larson
8%
Lowe
8%
McCarthy
8%
Mills
8%
Montgomery
8%
Nunez
8%
Owens
8%
Pope
8%
Ramsey
8%
Schwartz
8%
Thornton
8%
Warner
8%
Blair
7%
Bowen
7%
Buchanan
7%
Burke
7%
Chandler
7%
Cohen
7%
Curry
7%
Dixon
7%
Doyle
7%
Duncan
7%
Ellis
7%
Fleming
7%
Floyd
7%
Flynn
7%
Griffith
7%
Gross
7%
Hansen
7%
Hardy
7%
Hayes
7%
Higgins
7%
Lane
7%
Lawson
7%
Morales
7%
Morton
7%
Olson
7%
Ortiz
7%
Payne
7%
Pearson
7%
Reyes
7%
Riley
7%
Roth
7%
Schroeder
7%
Valdez
7%
Bates
6%
Bishop
6%
Cain
6%
Crawford
6%
Delgado
6%
Drake
6%
Flores
6%
Fowler
6%
Fuller
6%
Gill
6%
Glover
6%
Goodman
6%
Herrera
6%
Hogan
6%
Holt
6%
Johnston
6%
Lambert
6%
Leonard
6%
Maxwell
6%
Moreno
6%
Patterson
6%
Perkins
6%
Reeves
6%
Rivera
6%
Romero
6%
Rowe
6%
Santiago
6%
Sharp
6%
Sims
6%
Snyder
6%
Steele
6%
Tate
6%
Tran
6%
Vega
6%
Wallace
6%
Webster
6%
Wheeler
6%
Barrett
5%
Brock
5%
Casey
5%
Chapman
5%
Cunningham
5%
Dennis
5%
Dunn
5%
Garrett
5%
Hampton
5%
Hicks
5%
Kramer
5%
Malone
5%
Mendoza
5%
Moss
5%
Norton
5%
Ortega
5%
Page
5%
Patel
5%
Powers
5%
Rhodes
5%
Todd
5%
Vargas
5%
Vasquez
5%
Vazquez
5%
Watkins
5%
Weiss
5%
Adamas
4%
Aguilar
4%
Cannon
4%
Chambers
4%
Christensen
4%
Duran
4%
Goodwin
4%
Guerrero
4%
Hale
4%
Harrington
4%
Horton
4%
Liu
4%
Marquez
4%
McCoy
4%
McDaniel
4%
Molina
4%
Pham
4%
Reese
4%
Saunders
4%
Shelton
4%
Sparks
4%
Sutton
4%
Swanson
4%
Townsend
4%
Yates
4%
Adkins
3%
Barnett
3%
Barton
3%
Bowman
3%
Brewer
3%
Caldwell
3%
Carroll
3%
Castillo
3%
Cummings
3%
Espinoza
3%
French
3%
Garza
3%
Huang
3%
Kelley
3%
Khan
3%
Luna
3%
Lynch
3%
Manning
3%
McCormick
3%
McGee
3%
McGuire
3%
Medina
3%
Moody
3%
Munoz
3%
Norman
3%
Parsons
3%
Pena
3%
Rios
3%
Rojas
3%
Underwood
3%
Welch
3%
Acosta
2%
Barber
2%
Bowers
2%
Campos
2%
Chaves
2%
Cobb
2%
Contreras
2%
Frazier
2%
Graves
2%
Guzman
2%
Hammond
2%
Haynes
2%
Hines
2%
Howell
2%
Ingram
2%
Jennigs
2%
Maldonado
2%
McBride
2%
McLaughlin
2%
Moran
2%
Mullins
2%
Navarro
2%
Osborne
2%
Patton
2%
Sandoval
2%
Sherman
2%
Vaughn
2%
Wise
2%
Wolfe
2%
Alvardo
1%
Ballard
1%
Burgess
1%
Byrd
1%
Estrada
1%
Hodges
1%
Hubbard
1%
Lyons
1%
McKinney
1%
Miranda
1%
Padilla
1%
Salazar
1%
Soto
1%
Strickland
1%
Waever
1%
Figueroa
0%
Harmon
0%
Keine übereinstimmenden Quizze gefunden
Verteilung der Resultate
Anzahl Personen mit jedem Resultat
Perzentil nach korrekt beantworteten Fragen
Ihre Resultats-Entwicklung
Sie haben dieses Quiz noch nicht gespielt